000 00547nam a22002057a 4500
003 OSt
005 20140310184520.0
008 131016t xxu||||| |||| 00| 0 eng d
020 _a9780439598088
050 _aPZ 7
_b.P961Pr 2003
100 _aPritchett, Laura
_929802
245 _aPride and prejudice /
_cLaura Pritchett
260 _aNew York :
_bScholastic Inc.,
_c2003.
300 _a64 p. :
_bill. ;
_c20 cm.
521 _aG4
526 _c610
650 _aFiction
_xJuvenile
_930343
942 _2lcc
_cBK-SCHOLAS
999 _c35027
_d35027